Quick Pick: Samuel L. Jackson Roles Quiz Stats

 Plays Quiz Updated Apr 13, 2019

Score 0/8 Timer 01:00
0 Plays Today
% Correct
Pulp Fiction
84.1%
The Avengers
83.4%
The Incredibles
80.9%
Unbreakable
74.5%
Snakes on a Plane
70%
The Hateful Eight
59.3%
Jurassic Park
58.5%
Django Unchained
55.4%

Today's Daily Dose

You're not logged in!

Compare scores with friends on all Sporcle quizzes.
OR
Log In

Show Comments

Extras

Top Quizzes Today


Score Distribution

Your Account Isn't Verified!

In order to create a playlist on Sporcle, you need to verify the email address you used during registration. Go to your Sporcle Settings to finish the process.

Report this User

Report this user for behavior that violates our Community Guidelines.

Details: